01102nam a2200265 a 4500001001000000003000500010005001700015008004100032010001100073011001100084040000900095100003600104245025500140260004100395500006000436502008600496650003000582650002800612650002000640650002200660650002600682700004200708856001600750856007000766000108719CHAP20220329144022.0140305s2012 mx sm |||||||spa d a105181 a106153 cCHAP1 aAcosta Hernández, Dulce Arely10aEstudio de factibilidad técnico-económico para la instalación de una planta procesadora de nopal (Opuntia ficus-indica Var. Atlixco) en Salmuera en el municipio de Cuatepec de Hinojosa, Hidalgoh[En línea]cpor Dulce Arely Acosta Hernández. aChapingo, Méx. :bEl autor,c2012. aPara ver el contenido del material haga clic en la liga aTesis (Ing. Agroindustrial ) -- UACH. Departamento de Ingeniería Agroindustrial14aEstudios de factibilidad.14aIndustrias agrícolas.14aNopalxHidalgo.14aNopalxIndustria.14aPlantas industriales.1 aCarrasco Castelán, Víctor Alfonso a1 n0000029 aFinding aiduhttp://10.13.5.2/tesis/sist108719.pdfzTeclea aquí